Normal view
MARC view
- Tyagi C L
Entry Personal Name
001 - CONTROL NUMBER
- control field: 107255
003 - CONTROL NUMBER IDENTIFIER
- control field: OSt
005 - DATE AND TIME OF LATEST TRANSACTION
- control field: 20230125043143.0
008 - FIXED-LENGTH DATA ELEMENTS
- fixed length control field: 230125|| aca||aabn | a|a d
040 ## - CATALOGING SOURCE
- Original cataloging agency: OSt
- Transcribing agency: OSt
100 ## - HEADING--PERSONAL NAME
- Personal name: Tyagi C L
670 ## - SOURCE DATA FOUND
- Source citation: Work cat.: (OSt)84454: Tyagi C L, Advertising management, 2004